| 000 | 00825pam a2200241 a 4500 | ||
|---|---|---|---|
| 001 | 1615978 | ||
| 005 | 20180221034151.0 | ||
| 008 | 950809s1996 nyua b 001 0 eng c | ||
| 010 | _a 95025144 | ||
| 020 | _a1572300256 (acidfree paper) | ||
| 040 |
_aDNLM/DLC _cDLC _dDLC |
||
| 041 | _aeng | ||
| 060 | 1 | 0 | _aWM 270 T7818 1995 |
| 080 | _a616.8606 ROT | ||
| 082 | 0 | 0 |
_a616.8606 ROT _220 |
| 100 | _a4 | ||
| 101 | _aSHM | ||
| 245 | 0 | 0 |
_aTreating substance abuse : _cedited by Frederick Rotgers, Daniel S. Keller, Jon Morgenstern. |
| 504 | _aIncludes bibliographical references and index. | ||
| 906 |
_a7 _bcbc _corignew _d1 _eocip _f19 _gy-gencatlg |
||
| 942 |
_2ddc _cBK |
||
| 999 |
_c42985 _d42985 |
||